000 00490nam a22001697a 4500
003 OSt
005 20251024012829.0
008 251008b |||||||| |||| 00| 0 eng d
020 _a0-8242-0552-9
040 _aDWCL-Main lib
_cOC
082 _aCirc. 027.7 L988a 1974
100 _aLyle, Guy R.
245 _aThe administration of the college library
260 _aNY :
_bthe H.W. Wilson Company, Inc.,
_cc1974
300 _axiv, 320 pages :
_c22 cm.
942 _2ddc
_cBK-CIRC
_e4th ed.
_kCirc.
_n0
999 _c4711
_d4711